[Event "23rd Staufer-Open"]
[Site "Leinzell GER"]
[Date "2011.01.04"]
[Round "6"]
[White "Latzke,B"]
[Black "Merk,T"]
[Result "1-0"]
[WhiteElo "2245"]
[BlackElo "2152"]

1.d4 d5 2.c4 e6 3.Nc3 c6 4.e3 Nf6 5.Nf3 Nbd7 6.Qc2 Bd6 7.h3 O-O 8.Bd2 Re8
9.O-O-O dxc4 10.Bxc4 b5 11.Bd3 e5 12.Ne4 Nxe4 13.Bxe4 Bb7 14.Bxh7+ Kh8 15.Bf5 exd4
16.exd4 Nf8 17.Rhe1 Qc7 18.Re4 Rxe4 19.Qxe4 c5 20.d5 f6 21.Nh4 Bc8 22.Ng6+ Kg8
23.g4 Bd7 24.Nxf8 Kxf8 25.Be6 Re8 26.Re1 Bxe6 27.dxe6 Be5 28.f4 Bd4 29.Qh7 Qd6
30.Qh8+ Ke7 31.Qxg7+ Kd8 32.Ba5+ Kc8 33.Qxa7 Rxe6 34.Rxe6 Qxf4+ 35.Kb1 Qf1+
36.Re1  1-0

[Event "Rilton Cup 2010-11"]
[Site "Stockholm SWE"]
[Date "2011.01.04"]
[Round "8"]
[White "Bellon Lopez,JuM"]
[Black "Czarnota,D"]
[Result "1-0"]
[WhiteElo "2394"]
[BlackElo "2229"]

1.d4 d5 2.c4 c6 3.Nf3 Nf6 4.Nc3 e6 5.e3 Nbd7 6.Bd3 dxc4 7.Bxc4 b5 8.Bd3 Bb7
9.O-O b4 10.Ne4 Nxe4 11.Bxe4 Bd6 12.Bd2 Rc8 13.Qa4 Qb6 14.a3 a5 15.Rfc1 O-O
16.axb4 axb4 17.Qa5 f5 18.Qxb6 Nxb6 19.Ra7 Ba8 20.Bb1 Nd5 21.Ng5 Rc7 22.Ra4 Re7
23.Ba2 h6 24.Nf3 Rb8 25.Bxd5 cxd5 26.b3 Kh7 27.h4 Ree8 28.Ra6 Red8 29.Ne1 Bb7
30.Ra7 Kg6 31.Nd3 Ba8 32.g3 h5 33.Ra4 Rdc8 34.Rxc8 Rxc8 35.Bxb4 Bxb4 36.Rxb4 Kf6
37.Rb6 Rc6 38.Rb8 Ra6 39.b4  1-0

[Event "23rd Staufer-Open"]
[Site "Leinzell GER"]
[Date "2011.01.05"]
[Round "8"]
[White "Benes,Pe1"]
[Black "Egle,S"]
[Result "0-1"]
[WhiteElo "2119"]
[BlackElo "2198"]

1.c4 Nf6 2.Nf3 e6 3.d4 d5 4.Nc3 c6 5.e3 Nbd7 6.Qc2 Bd6 7.Bd2 Qe7 8.Rc1 O-O
9.Be2 dxc4 10.Bxc4 e5 11.Bb3 exd4 12.Nxd4 Nc5 13.Bc4 Nce4 14.f3 Nxd2 15.Qxd2 Re8
16.Kf2 Bd7 17.h4 Rad8 18.Rcd1 c5 19.Nb3 Be6 20.Bxe6 Bg3+ 21.Kxg3 Nh5+ 22.Kf2 Rxd2+
23.Rxd2 Qxe6 24.Nd5 c4 25.Nc5 Qc6 26.Ne4 f5 27.Nec3 Qc5 28.Rd4 f4 29.Rhd1 fxe3+
30.Nxe3 Nf4 31.Ne4 Qe7 32.Nf5 Qe5 33.Neg3 Nd3+ 34.Kf1 Qe1+  0-1

[Event "Rilton Cup 2010-11"]
[Site "Stockholm SWE"]
[Date "2011.01.05"]
[Round "9"]
[White "Eriksson,Jor"]
[Black "Nielsen,Ro"]
[Result "0-1"]
[WhiteElo "2202"]
[BlackElo "2116"]

1.d4 e6 2.Nf3 d5 3.c4 Nf6 4.Nc3 c6 5.e3 Nbd7 6.Qc2 Bd6 7.Bd3 h6 8.O-O O-O
9.Rd1 e5 10.cxd5 cxd5 11.e4 dxe4 12.Nxe4 Nxe4 13.Bxe4 exd4 14.Rxd4 Qe7 15.Be3 Nf6
16.Bf5 Bc5 17.Rc4 Bxe3 18.Bxc8 b5 19.Rc7 Qxc7 20.Qxc7 Raxc8 21.Qb7 Bb6 22.Ne5 Rc2
23.Nd3 Rd2 24.Qf3 Rd8 25.Rd1 R8xd3 26.Qxd3 Bxf2+ 27.Kf1 Rxd3 28.Rxd3 Bc5
29.Rd8+ Kh7 30.Rb8 Bb6 31.Ke2 Nd5 32.a3 Nf4+ 33.Kf3 Nd3 34.b3 Nc5 35.b4 Nd7
36.Rb7 Ne5+ 37.Ke4 Nc4 38.Rxf7 Nd6+  0-1

[Event "Rilton Cup 2010-11"]
[Site "Stockholm SWE"]
[Date "2011.01.05"]
[Round "9"]
[White "Kudzma,L"]
[Black "Cederstam Barsk Carl"]
[Result "1/2-1/2"]
[WhiteElo "2232"]
[BlackElo "2020"]

1.d4 d5 2.c4 c6 3.Nc3 Nf6 4.e3 e6 5.Nf3 Nbd7 6.Bd3 dxc4 7.Bxc4 b5 8.Bd3 a6
9.a4 b4 10.Ne4 c5 11.dxc5 Bxc5 12.Nxf6+ Nxf6 13.e4 e5 14.O-O Qe7 15.b3 Bb7
16.Qe2 O-O 17.Bb2 Nd7 18.Nd2 a5 19.Rac1 Nb6 20.Rc2 Rfc8 21.Rfc1 Bd6 22.Bb5 Rxc2
23.Rxc2 Rc8 24.Nc4 Nxc4 25.Bxc4 Qh4 26.Rd2 Qe7 27.Bd5 Bxd5 28.Rxd5 Qc7 29.Qd2 Bf8
30.g3 f6 31.Kg2 Qc2 32.Rd3 h6 33.h4 Qb1 34.Qe2 Rc2 35.Rd2 Rxd2 36.Qxd2 Qxe4+
37.f3 Qc6 38.Qd3 Qd6 39.Qxd6 Bxd6 40.h5 Kf7 41.Bc1 Bc5 42.f4 Ke6 43.Kf3 Kd5
44.g4 e4+ 45.Ke2 Bd4 46.Be3 Bc5 47.Bc1 Bb6 48.Be3 Bd4 49.Bc1 Kd6 50.Bd2 Ke6
51.f5+ Kd5 52.Bf4 Be5  1/2-1/2

[Event "XXII Open"]
[Site "Villa De Roquetas ESP"]
[Date "2011.01.06"]
[Round "9"]
[White "Peralta,Fe"]
[Black "Sumets,A"]
[Result "1/2-1/2"]
[WhiteElo "2603"]
[BlackElo "2619"]

1.d4 d5 2.c4 c6 3.Nf3 Nf6 4.Nc3 e6 5.e3 a6 6.b3 Bb4 7.Bd2 Nbd7 8.Bd3 O-O
9.O-O Bd6 10.Qc2 h6 11.Rad1 e5 12.cxd5 cxd5 13.e4 dxe4 14.Nxe4 Nxe4 15.Bxe4 exd4
16.Nxd4 Nf6 17.Nf5 Nxe4 18.Qxe4 Re8 19.Qf3 Bxf5 20.Qxf5 Qc7 21.h3 Re6 22.Rfe1 Rae8
23.Rxe6 Rxe6 24.h4 g6 25.Qd3 h5 26.g3 Qd8  1/2-1/2

[Event "1st HDBank Cup"]
[Site "Ho Chi Minh City VIE"]
[Date "2011.01.07"]
[Round "6.23"]
[White "Ton,T"]
[Black "Li Hanbin"]
[Result "0-1"]
[WhiteElo "2232"]
[BlackElo "2321"]

1.Nf3 d5 2.d4 Nf6 3.c4 c6 4.e3 e6 5.Nc3 Nbd7 6.Qc2 Bd6 7.Be2 O-O 8.O-O e5
9.cxd5 cxd5 10.Nb5 Bb8 11.dxe5 Nxe5 12.b3 Bg4 13.Ba3 Nxf3+ 14.Bxf3 Bxf3 15.gxf3 Re8
16.Nd4 Be5 17.Rad1 Rc8 18.Qf5 Qa5 19.Bb2 Qxa2 20.Ba1 Qa6 21.f4 Bxd4 22.Bxd4 Ne4
23.Qg4 f6 24.Ra1 Qc6 25.Bb2 d4 26.Rac1 Nc3 27.Rfd1 f5 28.Qxf5 Ne2+ 29.Kf1 Nxc1
30.Bxc1 Qf3 31.Qd3 dxe3  0-1

[Event "1st HDBank Cup"]
[Site "Ho Chi Minh City VIE"]
[Date "2011.01.07"]
[Round "6.21"]
[White "Nguyen Anh Dung"]
[Black "Tan Weiliang"]
[Result "1-0"]
[WhiteElo "2508"]
[BlackElo "2246"]

1.d4 d5 2.c4 c6 3.Nf3 Nf6 4.Nc3 e6 5.e3 Nbd7 6.Bd3 dxc4 7.Bxc4 b5 8.Bb3 Bb7
9.O-O a6 10.e4 c5 11.d5 c4 12.Bc2 Qc7 13.dxe6 fxe6 14.Qe2 Bd6 15.Bg5 O-O-O
16.Rad1 h6 17.Bh4 g5 18.Bg3 Bxg3 19.hxg3 Ne5 20.a4 g4 21.Nxe5 Qxe5 22.axb5 Rxd1
23.Qxc4+ Kb8 24.Rxd1 axb5 25.Nxb5 Ba6 26.Qc6 Bxb5 27.Qb6+ Kc8 28.Bb3 Qg5
29.Bxe6+ Nd7 30.Ra1  1-0

[Event "36th Open"]
[Site "Seville ESP"]
[Date "2011.01.07"]
[Round "1"]
[White "Spraggett,K"]
[Black "Cadenas Falcon,J"]
[Result "1-0"]
[WhiteElo "2575"]
[BlackElo "1903"]

1.d4 d5 2.c4 e6 3.Nf3 Nf6 4.Nc3 c6 5.e3 Bd6 6.Bd3 Nbd7 7.O-O O-O 8.e4 dxe4
9.Nxe4 Nxe4 10.Bxe4 f5 11.Bc2 e5 12.c5 Be7 13.dxe5 Nxc5 14.Qe2 Be6 15.Rd1 Qe8
16.Nd4 Bd5 17.Nxf5 Ne6 18.Be3 g6 19.Qg4 Kh8 20.Nd6 Bxd6 21.exd6 Qd7 22.Qg3 Ng7
23.Bd4 Kg8 24.Re1 Rfe8 25.Be5 Re6 26.f4 Nh5 27.Qg5 Rae8 28.Bf5 Qf7 29.Bxe6 Rxe6
30.f5 Qxf5 31.Qxf5 gxf5 32.d7  1-0

[Event "1st HDBank Cup"]
[Site "Ho Chi Minh City VIE"]
[Date "2011.01.08"]
[Round "8.14"]
[White "Bao Khoa"]
[Black "Lu Shanglei"]
[Result "0-1"]
[WhiteElo "2264"]
[BlackElo "2416"]

1.d4 d5 2.Nf3 Nf6 3.c4 e6 4.Nc3 c6 5.e3 Nbd7 6.Bd3 dxc4 7.Bxc4 b5 8.Bd3 a6
9.O-O c5 10.Qe2 Bb7 11.Rd1 Qb8 12.a3 Bd6 13.h3 O-O 14.Bc2 cxd4 15.exd4 h6
16.Re1 Rc8 17.Ne5 Bxe5 18.dxe5 Nd5 19.Qd3 Nf8 20.Bd2 Nxc3 21.Bxc3 Bd5 22.Bb4 Ng6
23.h4 h5 24.Rac1 Bxg2 25.Qg3 Rc4 26.f3 Bxf3 27.Qxf3 Rg4+ 28.Kh1 Rxh4+ 29.Kg1 Rg4+
30.Kh1 Qd8 31.Re2 Nxe5 32.Qe3 Rh4+ 33.Kg1 Nf3+ 34.Kf1 Nd4 35.Be4 Nxe2 36.Qxe2 Qf6+
37.Ke1 Qg5 38.Bxa8 Qxc1+ 39.Kf2 Qf4+ 40.Kg1 Qg3+ 41.Bg2 Qh2+ 42.Kf2 Rf4+
43.Ke3 Qg3+ 44.Bf3 Rf5 45.Bc3 Qf4+ 46.Kf2 h4 47.Qe3 Qg3+ 48.Ke2 h3 49.Be1 Qh2+
50.Bf2 Qe5 51.Kf1  0-1

[Event "9th Parsvnath Open"]
[Site "New Delhi IND"]
[Date "2011.01.08"]
[Round "2.49"]
[White "Imocha,L"]
[Black "Amir,A"]
[Result "1-0"]
[WhiteElo "2210"]
[BlackElo "1883"]

1.d4 d5 2.c4 c6 3.Nc3 Nf6 4.Nf3 e6 5.e3 Bd6 6.a3 Nbd7 7.Bd3 b6 8.O-O O-O
9.Qe2 Re8 10.e4 e5 11.cxd5 exd4 12.dxc6 Nc5 13.Nb5 Nfxe4 14.Nfxd4 Be5 15.Bxe4 Bxd4
16.c7 Qd7 17.Nxd4 Rxe4 18.Be3 Ba6 19.Qf3 Bxf1 20.Rxf1 Rae8 21.Nf5 Qxc7 22.h4 g6
23.Nh6+ Kg7 24.Ng4 Nd7 25.Rd1 f5 26.Bh6+ Kf7 27.Qb3+ R8e6 28.f3 Re2 29.Ne3 Nc5
30.Qc4 Rxb2 31.Nd5 Qd6 32.Qf4 Qd7 33.Qd4  1-0

[Event "9th Parsvnath Open"]
[Site "New Delhi IND"]
[Date "2011.01.09"]
[Round "3"]
[White "Surendran,N"]
[Black "Arun Prasad,S"]
[Result "0-1"]
[WhiteElo "2063"]
[BlackElo "2513"]

1.d4 Nf6 2.Nf3 e6 3.c4 d5 4.Nc3 c6 5.e3 Nbd7 6.Qc2 Bd6 7.b3 b6 8.Bd3 Bb7
9.O-O O-O 10.Bb2 Qe7 11.Ne2 h6 12.Ng3 c5 13.cxd5 Nxd5 14.dxc5 Nxc5 15.Bc4 Nf6
16.Nd4 Rfd8 17.Qe2 Rac8 18.Rfd1 a6 19.a4 a5 20.Nb5 Bb8 21.Nh5 Nxh5 22.Qxh5 Rxd1+
23.Rxd1 Nxa4 24.Ba1 Nc5 25.Rd4 Be4 26.Qd1 Bc6 27.Nd6 Bxd6 28.Rxd6 b5 29.Bf1 Ne4
30.Qd4 Qf6 31.Rxc6 Qxf2+  0-1

[Event "10th Praha Open A"]
[Site "Prague CZE"]
[Date "2011.01.09"]
[Round "3"]
[White "Cubas Pons,Ju"]
[Black "Dolezal,Ra1"]
[Result "1-0"]
[WhiteElo "2231"]
[BlackElo "2415"]

1.d4 d5 2.c4 c6 3.Nf3 Nf6 4.Nc3 e6 5.e3 Nbd7 6.Bd3 Be7 7.O-O O-O 8.e4 dxe4
9.Nxe4 Nxe4 10.Bxe4 Nf6 11.Bc2 c5 12.Bf4 Qb6 13.Qd3 Rd8 14.Be5 g6 15.Qc3 Ne8
16.Rad1 Bd7 17.a3 a5 18.dxc5 Qxc5 19.Bd4 Qc7 20.Ne5 Bc6 21.Ng4 Qf4 22.h3 f6
23.Rfe1 Kf7 24.Be5 Qg5 25.f4 Qh5 26.Bd4 Rxd4 27.Rxd4 Bc5 28.b4 axb4 29.axb4 Bxd4+
30.Qxd4 Ra2 31.b5 Bxb5 32.cxb5 Qxb5 33.Bd3 Qc6 34.Be4 Qa4 35.Qc3 h5 36.Nf2 Qa7
37.Re3 b5 38.Bb1 Ra6 39.Kh2 Nd6 40.Ne4 Nxe4 41.Rxe4 Qb8 42.Rd4 Rd6 43.Bxg6+  1-0

[Event "36th Open"]
[Site "Seville ESP"]
[Date "2011.01.09"]
[Round "3"]
[White "Stella,A"]
[Black "Korneev,O"]
[Result "0-1"]
[WhiteElo "2361"]
[BlackElo "2576"]

1.d4 d5 2.c4 e6 3.Nc3 c6 4.e3 Nf6 5.Nf3 Nbd7 6.Qc2 Bd6 7.Bd3 O-O 8.O-O dxc4
9.Bxc4 b5 10.Be2 Bb8 11.Rd1  0-1

[Event "9th Parsvnath Open"]
[Site "New Delhi IND"]
[Date "2011.01.10"]
[Round "4"]
[White "Nebolsina,V"]
[Black "Md.,Shar"]
[Result "0-1"]
[WhiteElo "2388"]
[BlackElo "2108"]

1.d4 d5 2.c4 c6 3.Nc3 Nf6 4.e3 e6 5.Nf3 Bd6 6.Bd3 dxc4 7.Bxc4 b5 8.Bd3 Nbd7
9.O-O O-O 10.e4 e5 11.Bg5 exd4 12.Nxd4 Ne5 13.Bc2 Bc5 14.Nce2 Bg4 15.f3 Be6
16.Kh1 Bc4 17.Re1 Nxe4 18.Bxe4 Qxg5 19.f4 Bxe2 20.Nxe2 Ng4 21.Rf1 Qh4 22.h3 Nf2+
23.Rxf2 Qxf2 24.Bxc6 Rad8 25.Qc2 a6 26.f5 Be3  0-1

[Event "9th Parsvnath Open"]
[Site "New Delhi IND"]
[Date "2011.01.10"]
[Round "4.45"]
[White "Navin,K"]
[Black "Srivastava,Mi"]
[Result "1-0"]
[WhiteElo "2383"]
[BlackElo "1917"]

1.d4 d5 2.c4 e6 3.Nf3 Nf6 4.Nc3 c6 5.e3 Be7 6.Bd3 Nbd7 7.Qc2 O-O 8.b3 Re8
9.Bb2 Bf8 10.O-O-O Qa5 11.Kb1 dxc4 12.Bxc4 Nb6 13.e4 Nxc4 14.bxc4 Ba3 15.e5 Bxb2
16.Kxb2 Nd7 17.Ne4 c5 18.Nfg5 Nf8 19.Nxc5 b5 20.cxb5 Rb8 21.Ka1 Rxb5 22.Nge4 Rd8
23.Nd6 Rb4 24.Nb3 Qa3 25.Nxc8 Rxc8 26.Qxc8 Rxb3 27.Rb1 Rc3 28.Qb8 Qa4 29.Qb4 Qc6
30.Qb2 Rd3 31.Rhc1 Qa6 32.Qb5  1-0

[Event "9th Parsvnath Open"]
[Site "New Delhi IND"]
[Date "2011.01.11"]
[Round "6"]
[White "Ragger,M"]
[Black "Lamorelle,J"]
[Result "1-0"]
[WhiteElo "2615"]
[BlackElo "2342"]

1.d4 d5 2.c4 c6 3.Nc3 Nf6 4.e3 e6 5.Nf3 Nbd7 6.Qc2 Bd6 7.Bd3 O-O 8.O-O h6
9.b3 Re8 10.Bb2 e5 11.cxd5 cxd5 12.Nb5 Bb8 13.dxe5 Ng4 14.Bh7+ Kh8 15.Nd6 Bxd6
16.exd6 Nde5 17.Nxe5 Nxe5 18.Bxe5 Rxe5 19.Bd3 Qxd6 20.Rac1 g6 21.Qc7 Qf6
22.Be2 b6 23.Bf3 Ba6 24.Rfd1 Re7  1-0

[Event "9th Parsvnath Open"]
[Site "New Delhi IND"]
[Date "2011.01.13"]
[Round "8"]
[White "Stefansson,H"]
[Black "Sundararajan,K"]
[Result "0-1"]
[WhiteElo "2580"]
[BlackElo "2449"]

1.d4 d5 2.c4 c6 3.Nf3 Nf6 4.Nc3 e6 5.e3 Nbd7 6.Qc2 Bd6 7.Be2 O-O 8.O-O dxc4
9.Bxc4 b5 10.Bd3 Bb7 11.Rd1 Qc7 12.h3 b4 13.Ne4 Nxe4 14.Bxe4 Nf6 15.Nd2 Rac8
16.b3 c5 17.Bxb7 Qxb7 18.Nc4 Be7 19.Bb2 Rfd8 20.dxc5 Rxd1+ 21.Rxd1 Rxc5 22.Bd4 Rc8
23.Qb2 Ne8 24.Qe2 Rd8 25.Rc1 Rc8 26.Rc2 Qa6 27.Qd1 f6 28.e4 Nd6 29.Nxd6 Rxc2
30.Qxc2 Bxd6 31.f3 Kf7 32.Kf2 Ke7 33.g3 e5 34.Be3 h5 35.h4 g6 36.f4 exf4
37.gxf4 Kd7 38.Qd2 Ke7 39.Bd4 Kf7 40.Kg3 Be7 41.Be3 Qe6 42.Qd5 f5 43.Qxe6+ Kxe6
44.Kf3 Bxh4 45.Bxa7 Be7 46.Bf2 Bd6 47.Bh4 Be7 48.Bf2 h4 49.Be1 h3 50.exf5+ Kxf5
51.Bf2 h2 52.Kg2 Kxf4 53.Bg3+ Ke3 54.Bxh2 Kd3 55.Kf3 Kc2 56.Ke2 Kb2 57.Kd3 Kxa2
58.Kc2 g5 59.Bg3 Bc5 60.Be5 g4 61.Bg3 Ka3  0-1

[Event "36th Open"]
[Site "Seville ESP"]
[Date "2011.01.13"]
[Round "7"]
[White "Saric,A"]
[Black "Korneev,O"]
[Result "1-0"]
[WhiteElo "2482"]
[BlackElo "2576"]

1.d4 d5 2.c4 e6 3.Nf3 Nf6 4.Nc3 c6 5.e3 Nbd7 6.Qc2 Bd6 7.Bd3 O-O 8.O-O dxc4
9.Bxc4 b5 10.Bd3 Bb7 11.Rd1 a6 12.Ng5 Bxh2+ 13.Kxh2 Ng4+ 14.Kg1 Qxg5 15.f3 Ngf6
16.e4 Qh4 17.Be3 e5 18.Ne2 Rfe8 19.b4 Nh5 20.Qd2 h6 21.a4 Ng3 22.Nxg3 Qxg3
23.Qf2 Qg6 24.Bc2 Rad8 25.Bb3 exd4 26.Bxd4 Nf8 27.Bb6 Rxd1+ 28.Rxd1 Bc8 29.a5 Be6
30.Bc2 Qg5 31.f4 Qg4 32.Rd6 Bc4 33.Bd1 Qc8 34.Bf3  1-0

[Event "I Antonio Rocha Mem"]
[Site "Campinas BRA"]
[Date "2011.01.14"]
[Round "2.5"]
[White "Vescovi,G"]
[Black "Zambrana,O"]
[Result "1/2-1/2"]
[WhiteElo "2631"]
[BlackElo "2513"]

1.d4 d5 2.c4 c6 3.Nf3 Nf6 4.e3 e6 5.Nc3 Nbd7 6.Qc2 Bd6 7.Bd3 dxc4 8.Bxc4 O-O
9.O-O a6 10.Bd2 b5 11.Be2 Bb7 12.e4 e5 13.dxe5 Nxe5 14.Nxe5 Bxe5 15.f4 Bd4+
16.Kh1 c5 17.Bf3 Re8 18.e5 Bxf3 19.Rxf3 Ng4 20.Ne4 f5 21.Nd6 Qh4 22.h3 Nf2+
23.Kh2 Ng4+ 24.Kh1 Nf2+  1/2-1/2

[Event "9th Parsvnath Open"]
[Site "New Delhi IND"]
[Date "2011.01.14"]
[Round "9"]
[White "Lenic,L"]
[Black "Sundararajan,K"]
[Result "1/2-1/2"]
[WhiteElo "2613"]
[BlackElo "2449"]

1.c4 c6 2.Nf3 d5 3.e3 Nf6 4.Nc3 e6 5.d4 Nbd7 6.Qc2 Bd6 7.b3 O-O 8.Be2 b6
9.O-O Bb7 10.Bb2 Qe7 11.Rfd1 Rac8 12.Rac1 Rfe8 13.Qb1 a6 14.g3 c5 15.dxc5 bxc5
16.cxd5 exd5 17.Nh4 Qe6 18.Bf3 Ne4 19.Nxe4 dxe4 20.Be2 Ne5 21.Bxe5 Qxe5 22.Bc4 Rcd8
23.Qc2 g5 24.Ng2 Be7 25.Qe2 Qf6 26.Ne1 Kg7 27.Nc2 Rxd1+ 28.Rxd1 Rd8 29.Rxd8 Bxd8
30.Qd2 Qe7 31.Na3 Bc7 32.Bd5 Bc8 33.Qc3+ Be5 34.Qc2 f5 35.Nc4 Bf6 36.Nb6 Qd6
37.Nxc8 Qxd5 38.Nb6 Qd6 39.Na4 Be7 40.Kg2 h5 41.h3 g4 42.hxg4 hxg4 43.Qc3+ Qf6
44.Qc4 Qd6 45.Nc3 Bf6 46.Nd5 Be5 47.Kf1 Bf6 48.Ke2 Be5 49.a4 Bf6 50.Nf4 Be7
51.Nd5 Bf6 52.Kd2 Bd8 53.Kc2 Ba5 54.Kd1 Bd8 55.Ke2  1/2-1/2

[Event "ch-Antalya 2011"]
[Site "Antalya TUR"]
[Date "2011.01.16"]
[Round "7.3"]
[White "Demir,Z"]
[Black "Avci,A"]
[Result "0-1"]
[WhiteElo "1942"]
[BlackElo "1767"]

1.d4 d5 2.c4 c6 3.Nc3 Nf6 4.Nf3 e6 5.e3 Nbd7 6.Bd3 dxc4 7.Bxc4 b5 8.Bd3 a6
9.e4 c5 10.d5 exd5 11.exd5 Bd6 12.O-O O-O 13.Bg5 Qc7 14.Re1 Bb7 15.Bc2 Rae8
16.Qd3 h6 17.Bh4 c4 18.Qf5 g6 19.Qh3 Kg7 20.Rad1 b4 21.Ne4 Nxe4 22.Bxe4 f5
23.Bb1 Rxe1+ 24.Rxe1 Bxd5 25.Rd1 Bxf3 26.Qxf3 Bxh2+ 27.Kh1 Be5 28.Qd5 Rf7
29.Qe6 Bxb2 30.Be7 Nc5 31.Qe2 Rxe7 32.Qxb2+ c3 33.Qxb4 Ne4 34.Qd4+ Kh7 35.Bc2 Nd2
36.Rc1 Qe5 37.Qd3 a5 38.Ba4 Rc7 39.Bc6 Ne4 40.Kg1 Nc5 41.Qf3 Qd6 42.Bd5 Ne6
43.Bb3 Nd4 44.Qd3 Qf4 45.Qd1 Qxc1  0-1

[Event "TCh-SVK Extraliga 2010-11"]
[Site "Dunajska Streda CZE"]
[Date "2011.01.16"]
[Round "4.3"]
[White "Vavrak,P"]
[Black "Czebe,A"]
[Result "1/2-1/2"]
[WhiteElo "2466"]
[BlackElo "2487"]

1.d4 d5 2.c4 c6 3.Nf3 Nf6 4.Nc3 e6 5.e3 Nbd7 6.Qc2 Bd6 7.b3 O-O 8.Be2 b6
9.O-O Bb7 10.Bb2 Qe7 11.Rac1 Rad8 12.Rfd1 Rfe8 13.Bf1 h6 14.g3 dxc4 15.bxc4 c5
16.Bg2 cxd4 17.exd4 Rc8 18.Qb3 Ne4 19.Nb5 Bb8 20.Re1 Red8 21.Re2 Ndf6 22.a4 a6
23.Na3 Bd6 24.a5 b5 25.cxb5 Bd5 26.Qd3 Rxc1+ 27.Bxc1 Qc7 28.Rc2 Qxa5 29.bxa6 Rb8
30.Rb2 Ra8 31.Nb5 Qxa6 32.Bf1 Qc6 33.Rc2 Qb7 34.Rb2 Qa6 35.Nxd6 Qxd3 36.Bxd3 Nxd6
37.Ne5 Nfe4 38.g4 f6 39.Ng6 Kf7 40.Nf4 Ra1 41.Rb1 Rxb1 42.Bxb1 Bc4 43.f3 Nc3
44.Bg6+ Ke7 45.Kf2 Ndb5 46.Bd2 Ba2 47.h4 Bb1 48.Bxb1 Nxb1 49.Bb4+ Kf7 50.d5 e5
51.d6 Nxd6  1/2-1/2

[Event "TCh-SVK Extraliga 2010-11"]
[Site "Kosice CZE"]
[Date "2011.01.16"]
[Round "4.8"]
[White "Klemanic,E"]
[Black "Palecek,P"]
[Result "1-0"]
[WhiteElo "2257"]
[BlackElo "2254"]

1.d4 d5 2.Nf3 Nf6 3.c4 c6 4.e3 e6 5.Nc3 Nbd7 6.Bd3 dxc4 7.Bxc4 b5 8.Be2 a6
9.e4 b4 10.e5 bxc3 11.exf6 cxb2 12.fxg7 bxa1=Q 13.gxh8=Q Qa5+ 14.Nd2 c5 15.O-O Qxd4
16.Qxh7 Qxa2 17.Bc4 Nf6 18.Qh8 Qa5 19.Qf3 Nd5 20.Qhh5 Qc7 21.Re1 Nf4 22.Qh7 Bb7
23.Ne4 Qa5 24.Rd1 O-O-O 25.Rxd4 Qe1+ 26.Bf1 Rxd4 27.Qxf4 Bxe4 28.Qhxf7 Bd6
29.Q4f6 Bc7 30.Q6xe6+ Kb7 31.Qxa6+ Kb8 32.Qe8+ Rd8 33.Qeb5+  1-0

[Event "Marienbad Open"]
[Site "Marianske Lazne CZE"]
[Date "2011.01.16"]
[Round "1"]
[White "Simonian,H"]
[Black "Dvirnyy,D"]
[Result "1/2-1/2"]
[WhiteElo "2475"]
[BlackElo "2480"]

1.d4 d5 2.c4 c6 3.Nf3 Nf6 4.Nc3 e6 5.e3 Nbd7 6.Qc2 Bd6 7.Bd3 dxc4 8.Bxc4 b5
9.Be2 a6 10.O-O O-O 11.e4 e5 12.dxe5 Nxe5 13.Nxe5 Bxe5 14.Be3 Qe7 15.f3 Bb7  1/2-1/2

[Event "9th Parsvnath Open"]
[Site "New Delhi IND"]
[Date "2011.01.16"]
[Round "11"]
[White "Greenfeld,A"]
[Black "Ankit,R"]
[Result "1-0"]
[WhiteElo "2557"]
[BlackElo "2362"]

1.d4 d5 2.c4 c6 3.Nf3 Nf6 4.Nc3 e6 5.e3 Nbd7 6.Bd3 dxc4 7.Bxc4 b5 8.Bd3 Bd6
9.O-O O-O 10.e4 e5 11.Ne2 a6 12.b3 Qc7 13.Bb2 exd4 14.Rc1 c5 15.Bxd4 Ng4
16.h3 Nge5 17.Nxe5 Nxe5 18.Bxe5 Bxe5 19.f4 Bd6 20.e5 Be7 21.Ng3 g6 22.Be4 Bb7
23.Bxb7 Qxb7 24.Qg4 Rad8 25.Rce1 f5 26.exf6 Bxf6 27.f5 Bd4+ 28.Kh1 Qg7 29.Qh4 Rd7
30.fxg6 Rxf1+ 31.Rxf1 hxg6 32.Qg4 Re7 33.Ne4 Re8 34.Nd6 Rf8 35.Qe6+ Kh7 36.Nf7 Kg8  1-0

[Event "B1 Masters"]
[Site "Marianske Lazne CZE"]
[Date "2011.01.17"]
[Round "3"]
[White "Matras,On"]
[Black "Antipov,M2"]
[Result "1/2-1/2"]
[WhiteElo "2322"]
[BlackElo "2358"]

1.d4 Nf6 2.c4 c6 3.Nc3 d5 4.Nf3 e6 5.e3 Nbd7 6.Qc2 Bd6 7.b3 O-O 8.Be2 dxc4
9.bxc4 e5 10.O-O exd4 11.exd4 Re8 12.Bg5 h6 13.Bh4 Nf8 14.Rfd1 Ng6 15.Bg3 Nf4
16.Bf1 Bg4 17.Rab1 b6 18.Ne2 Nh3+ 19.Kh1 Ne4 20.Neg1 Bxg3 21.Nxh3 Bc7 22.Nhg1 Qf6
23.Rb3 Rad8 24.Re3 Ng5 25.Rde1 Rxe3 26.Rxe3 Nxf3 27.Nxf3 Qf4 28.Qe4 Bxf3
29.Qxf4 Bxf4 30.Rxf3 Rxd4 31.g3 Bc1 32.Rd3 Bb2 33.f4 Kf8 34.Rxd4 Bxd4 35.Bg2 b5
36.cxb5 cxb5 37.Bc6 b4 38.Kg2 Ke7 39.Kf3 Kd6 40.Be8 f6 41.Ke4 Kc5 42.Kf5 Bg1
43.h3 Bh2 44.Kg6 Bxg3 45.Kxg7 Bxf4 46.Kxf6 Kd4 47.h4 a5 48.Kf5 Bc1 49.h5 Kc3
50.Ke4 Kb2 51.Bf7 a4 52.Kd3 Bg5 53.Be6 Be7 54.Bf7 Bf6 55.Be6 Bc3 56.Bf7 b3
57.Bxb3  1/2-1/2

[Event "3rd Chennai Open"]
[Site "Chennai IND"]
[Date "2011.01.18"]
[Round "1"]
[White "Murshed,N"]
[Black "Das,Say"]
[Result "1-0"]
[WhiteElo "2436"]
[BlackElo "2278"]

1.d4 d5 2.c4 c6 3.Nc3 Nf6 4.e3 e6 5.Nf3 Nbd7 6.Qc2 Bd6 7.Bd3 dxc4 8.Bxc4 b5
9.Be2 O-O 10.O-O Bb7 11.Rd1 Qc7 12.e4 e5 13.Bg5 a6 14.dxe5 Nxe5 15.Bxf6 Nxf3+
16.Bxf3 gxf6 17.g3 Rad8 18.Bg4 Be5 19.Qe2 Rxd1+ 20.Nxd1 c5 21.Bf5 Bc8 22.Ne3 Kh8
23.Bxc8 Rxc8 24.Nf5 Bd4 25.a4 b4 26.Nxd4 cxd4 27.Qxa6 Kg7 28.Qd3 Qc5 29.a5 Ra8
30.a6 Ra7 31.Kg2 Re7 32.h4 Qc6 33.Kh2 Qc5 34.Kg1 Ra7 35.Rd1 Rd7 36.Qf3 Ra7
37.Qg4+ Kh8 38.Qf5 Qxf5 39.exf5 Rxa6 40.Rxd4 Rb6 41.b3 h5 42.Kf1 Rb5 43.Rf4 Kg7
44.Ke2 Re5+ 45.Kd3 Rc5 46.Rxb4 Rxf5 47.Rf4 Re5 48.b4 f5 49.Kc4 Kf6 50.b5 Ke6
51.Rf3 Kd6 52.Rd3+ Kc7 53.Re3  1-0

[Event "B1 Masters"]
[Site "Marianske Lazne CZE"]
[Date "2011.01.18"]
[Round "5"]
[White "Zier,O"]
[Black "Antipov,M2"]
[Result "1/2-1/2"]
[WhiteElo "2131"]
[BlackElo "2358"]

1.d4 Nf6 2.c4 c6 3.Nc3 d5 4.e3 e6 5.Nf3 Nbd7 6.Qc2 Bd6 7.b3 O-O 8.Be2 Re8
9.O-O dxc4 10.bxc4 e5 11.Rd1 exd4 12.exd4 Nf8 13.Rb1 Ng6 14.h3 Qc7 15.Bf1 b6
16.a4 Bd7 17.Bd2 Rab8 18.Re1 Rxe1 19.Rxe1 Re8 20.Rxe8+ Bxe8 21.Ne4 Nxe4 22.Qxe4 Qe7
23.Qxe7 Nxe7 24.Bd3 f6 25.Kf1 Bg6 26.Ke2 a6 27.Ne1 Bc7 28.Bxg6 hxg6 29.Nc2 a5
30.Kd3 Kf7  1/2-1/2

[Event "3rd Chennai Open"]
[Site "Chennai IND"]
[Date "2011.01.19"]
[Round "2"]
[White "Swapnil,SD"]
[Black "Stefansson,H"]
[Result "1/2-1/2"]
[WhiteElo "2418"]
[BlackElo "2580"]

1.d4 Nf6 2.c4 e6 3.Nf3 d5 4.Nc3 c6 5.e3 Nbd7 6.Qc2 Bd6 7.b3 O-O 8.Be2 b6
9.O-O Bb7 10.Bb2 Qe7 11.Rad1 Rad8 12.Rfe1 h6 13.Bd3 c5 14.cxd5 cxd4 15.Nxd4 Nxd5
16.Nxd5 Bxd5 17.Nb5 Rc8 18.Qe2 Bb8 19.Nc3 Bb7 20.Be4 Bxe4 21.Nxe4 f5 22.Ng3 Nf6
23.Bxf6 Qxf6 24.Rd7 Rf7 25.Rxf7 Qxf7 26.Rd1 Be5 27.Qd3 Qc7 28.Nf1 Qc6 29.g3 Bf6
30.h4 Rc7 31.Rd2 b5 32.Nh2 a5 33.Qe2 a4 34.bxa4 bxa4 35.Nf3 Qe4 36.Nd4 Bxd4
37.Rxd4 Rc1+ 38.Rd1 Qc2 39.Qxc2 Rxc2 40.a3 Rc3 41.Rd4 Rxa3 42.e4 Ra1+ 43.Kg2 g6
44.h5 Kf7 45.hxg6+ Kxg6 46.exf5+ Kxf5 47.Rh4 a3 48.Rxh6 Rc1 49.Rh5+ Ke4 50.Ra5 Rc3
51.g4 Kd3 52.g5 Kc2 53.g6 Kb3 54.g7 Rc8 55.Ra7 Rg8 56.Kf3 a2 57.Rb7+ Kc3
58.Ra7  1/2-1/2

[Event "3rd Chennai Open"]
[Site "Chennai IND"]
[Date "2011.01.19"]
[Round "3"]
[White "Stefansson,H"]
[Black "Sidhant,M"]
[Result "1-0"]
[WhiteElo "2580"]
[BlackElo "2157"]

1.d4 Nf6 2.c4 e6 3.Nf3 d5 4.Nc3 c6 5.e3 Nbd7 6.Qc2 Bd6 7.g4 h6 8.Bd2 a6 9.Rg1 e5
10.cxd5 cxd5 11.dxe5 Nxe5 12.Be2 Be6 13.Nd4 Qe7 14.h4 Rc8 15.f4 Nc4 16.g5 hxg5
17.hxg5 Ne4 18.Nxe4 dxe4 19.Nxe6 Qxe6 20.Rc1 Nb6 21.Bc3 Rc7 22.Bg4 Qc4 23.Rd1 Bb4
24.Rd4 Bxc3+ 25.bxc3 Qxc3+ 26.Qxc3 Rxc3 27.Rxe4+ Kf8 28.Kf2 Rc2+ 29.Kg3 Rhh2
30.Bf3 Nc8 31.Bg2 Nd6 32.Re5 Rh5 33.Rd1 f6 34.Red5 Nf7 35.Bf3 Rhh2 36.g6 Nh6
37.f5  1-0

[Event "ch-CRO"]
[Site "Marija Bistrica CRO"]
[Date "2011.01.19"]
[Round "3.5"]
[White "Martinovic,Sa"]
[Black "Brkic,A"]
[Result "0-1"]
[WhiteElo "2511"]
[BlackElo "2564"]

1.d4 d5 2.c4 c6 3.Nc3 Nf6 4.e3 e6 5.Nf3 Nbd7 6.Qc2 Bd6 7.b3 O-O 8.Be2 b6
9.O-O Bb7 10.Bb2 Qe7 11.Rfd1 Rfe8 12.Rac1 Rac8 13.g3 a6 14.Bf1 Bb4 15.Qe2 h6
16.Bg2 c5 17.cxd5 exd5 18.dxc5 bxc5 19.Nh4 Qe6 20.Qf1 g5 21.Bh3 Qc6 22.Ne2 gxh4
23.Bxf6 Nxf6 24.Bxc8 Rxc8 25.Nd4 Qd7 26.Nc2 Ba5 27.b4 cxb4 28.Nd4 Re8 29.Qe2 Bc7
30.Nb3 Ne4 31.Qh5 hxg3 32.hxg3 Be5 33.Qxh6 Qf5 34.Qh2 Nc3 35.Rd2 d4 36.exd4 Bf6
37.d5 Bxd5  0-1